000 00973nam a2200277Ia 4500
003 GCL
008 140319s9999 xx 000 0 ara d
020 _a090110977
040 _aGCL /
_cGCL
082 0 4 _a912.014
_bا خ
100 1 _aاحمد البدوى محمد الشريعى
245 1 0 _aالخرائط الجغرافية :
_bتصميم وقراءة وتفسير /
_cاحمد البدوى محمد الشريعى
250 _aالاولى
260 _aالقاهرة :
_bدار الفكر العربى ،
_c2005
300 _a336 ص ؛
_c24 سم
650 0 4 _aالخرائط الطبوغرافية
650 0 4 _aالخرائط
650 0 4 _aرسم الخرائط
650 0 4 _aالخرائط - مقياس الرسم
650 0 4 _aالخرائط - رموز
650 0 4 _aالخرائط - قراءة
650 0 4 _aالخرائط - انواع
650 0 4 _aالخرائط - تلوين
650 0 4 _aالخرائط الرقمية
942 _2ddc
_cBK
999 _c9629
_d9629